Etudes de législation comparée (Record no. 157007)

MARC details
000 -LEADER
campo de control de longitud fija 00790nam a22001815i 4500
001 - NÚMERO DE CONTROL
campo de control 157007
003 - IDENTIFICADOR DE NÚMERO DE CONTROL
campo de control ES-MaACL
005 - FECHA Y HORA DE LA ÚLTIMA TRANSACCIÓN
campo de control 20230906210544.0
008 - DATOS DE LONGITUD FIJA--INFORMACIÓN GENERAL
campo de control de longitud fija 040806s1878 fr |||| | fre d
040 ## - FUENTE DE CATALOGACIÓN
Centro catalogador/agencia de origen CAM
Lengua de catalogación spa
Centro/agencia transcriptor CAM
100 1# - ENTRADA PRINCIPAL--NOMBRE DE PERSONA
Nombre de persona Lanfranc de Panthou, Octave-François.
9 (RLIN) 128661
245 10 - MENCIÓN DEL TÍTULO
Título Etudes de législation comparée
Resto del título : les codes français comparés aux codes de Genève, de Belgique et d'Allemagne /
Mención de responsabilidad, etc. par Lanfranc de Panthou.
260 ## - PUBLICACIÓN, DISTRIBUCIÓN, ETC.
Lugar de publicación, distribución, etc. Paris :
Nombre del editor, distribuidor, etc. Larose libraire-éditeur,
Fecha de publicación, distribución, etc. 1878 (
Lugar de fabricación/manufactura Caen :
Fabricante Typ. F. Le Branc-Hardel)
300 ## - DESCRIPCIÓN FÍSICA
Extensión 332 p. ;
Dimensiones 22 cm.
500 ## - NOTA GENERAL
Nota general En verso de la port. consta: Extrait des Mémoires de l'Académie des Sciences, Arts et Belles-Lettres de Caen.
651 #4 - PUNTO DE ACCESO ADICIONAL DE MATERIA--NOMBRE GEOGRÁFICO
Nombre geográfico Francia-
Subdivisión general Legislación.
9 (RLIN) 137180
852 ## - LOCALIZACIÓN
Ubicación ES-MaACL
Número de control de estantería F-10439
Nota libre -- Enc. hol.
Holdings
Estatus retirado Estado de pérdida Estado de daño No para préstamo Colección Biblioteca de origen Biblioteca actual Ubicación en estantería Fecha de adquisición Fuente de adquisición Total de préstamos Signatura topográfica completa Código de barras Visto por última vez Precio de reemplazo Tipo de ítem Koha
        Libros del s. XIX Biblioteca del Ateneo de Madrid Biblioteca del Ateneo de Madrid Sala Pecera Planta 2 17/01/2008     F-10439 1164273 23/02/2023 23/02/2023 Libro impreso antiguo